Länder, die Polen am Nächsten Liegen - 1 Minute Sprint - Statistiken

Allgemein
  • Dieses Quiz wurde 99 mal gespielt
  • Das Durchschnittsergebnis liegt bei 14 aus 20
Antwortstatistiken
km Land % Korrekt
0 Deutschland
100%
0 Russland
99%
0 Tschechien
93%
0 Ukraine
93%
0 Litauen
91%
0 Slowakei
91%
76 Ungarn
88%
190 Lettland
86%
0 Weißrussland
84%
396 Estland
82%
143 Österreich
73%
154 Schweden
70%
94 Dänemark
66%
345 Slowenien
57%
101 Rumänien
51%
370 Kroatien
35%
334 Serbien
34%
287 Moldawien
32%
454 Italien
28%
464 Niederlande
23%
Keine übereinstimmenden Quizze gefunden
Verteilung der Resultate
Anzahl Personen mit jedem Resultat
Perzentil nach korrekt beantworteten Fragen
Ihre Resultats-Entwicklung
Sie haben dieses Quiz noch nicht gespielt